[Event "Hastings Masters"]
[Site "Horntye, Hastings"]
[Date "2018.01.04"]
[Round "8.1"]
[White "Sengupta, Deep"]
[Black "Vakhidov, Jakhongir"]
[Result "1-0"]
[BlackElo "2500"]
[WhiteElo "2586"]
[LiveChessVersion "1.4.8"]

1. e4 {[%clk 1:40:55]} d6 {[%clk 1:28:25]} 2. d4 {[%clk 1:41:16]} Nf6
{[%clk 1:28:27]} 3. Nc3 {[%clk 1:41:35]} g6 {[%clk 1:28:35]} 4. Nf3
{[%clk 1:41:18]} Bg7 {[%clk 1:28:47]} 5. Be2 {[%clk 1:41:43]} O-O
{[%clk 1:28:56]} 6. O-O {[%clk 1:42:08]} e6 {[%clk 1:29:05]} 7. Bg5
{[%clk 1:39:17]} h6 {[%clk 1:29:11]} 8. Be3 {[%clk 1:39:39]} Nc6 {[%clk 1:27:23]}
9. h3 {[%clk 1:38:32]} b6 {[%clk 1:27:16]} 10. Qd2 {[%clk 1:11:16]} Kh7
{[%clk 1:27:25]} 11. Rad1 {[%clk 1:11:38]} Bb7 {[%clk 1:27:33]} 12. Qc1
{[%clk 1:11:56]} Qe7 {[%clk 1:22:03]} 13. Rfe1 {[%clk 1:11:47]} e5
{[%clk 1:18:17]} 14. d5 {[%clk 1:05:25]} Nb8 {[%clk 1:18:23]} 15. a4
{[%clk 1:00:09]} a6 {[%clk 1:18:23]} 16. Nd2 {[%clk 0:52:27]} Nbd7
{[%clk 1:16:41]} 17. b4 {[%clk 0:52:48]} Rac8 {[%clk 0:57:13]} 18. Qa3
{[%clk 0:51:18]} Ne8 {[%clk 0:55:21]} 19. Nf1 {[%clk 0:43:39]} f5
{[%clk 0:51:25]} 20. exf5 {[%clk 0:36:47]} gxf5 {[%clk 0:51:23]} 21. Bc1
{[%clk 0:36:55]} e4 {[%clk 0:50:05]} 22. Ng3 {[%clk 0:37:07]} Be5
{[%clk 0:41:31]} 23. Bf1 {[%clk 0:27:54]} Ng7 {[%clk 0:33:19]} 24. Nce2
{[%clk 0:26:34]} Qh4 {[%clk 0:32:39]} 25. Qe3 {[%clk 0:20:57]} Nf6
{[%clk 0:26:20]} 26. c4 {[%clk 0:21:18]} b5 {[%clk 0:18:49]} 27. axb5
{[%clk 0:21:41]} axb5 {[%clk 0:19:14]} 28. Qa7 {[%clk 0:16:46]} Ba8
{[%clk 0:14:27]} 29. Nd4 {[%clk 0:17:14]} Nfh5 {[%clk 0:04:25]} 30. Nxh5
{[%clk 0:11:46]} Nxh5 {[%clk 0:04:53]} 31. Ne6 {[%clk 0:07:09]} Rg8
{[%clk 0:05:18]} 32. Qe3 {[%clk 0:07:04]} Rg6 {[%clk 0:05:37]} 33. f4
{[%clk 0:05:42]} Bf6 {[%clk 0:01:49]} 34. cxb5 {[%clk 0:03:47]} Rcg8
{[%clk 0:01:47]} 35. Qf2 {[%clk 0:01:45]} Qxh3 {[%clk 0:01:43]} 36. Ng5+
{[%clk 0:00:44]} Bxg5 {[%clk 0:01:35]} 37. fxg5 {[%clk 0:00:58]} Qg3
{[%clk 0:00:32]} 38. Qxf5 {[%clk 0:00:58]} hxg5 {[%clk 0:00:42]} 39. Re3
{[%clk 0:00:34]} Qf4 {[%clk 0:00:49]} 40. Qxe4 {[%clk 0:00:36]} Qxe4
{[%clk 0:00:35]} 41. Rxe4 {[%clk 0:01:05]} Nf4 {[%clk 0:25:10]} 42. Bb2
{[%clk 0:30:27]} Kh6 {[%clk 0:14:31]} 43. Bc4 {[%clk 0:26:54]} Rf8
{[%clk 0:06:49]} 44. Re7 {[%clk 0:19:05]} Rgg8 {[%clk 0:07:11]} 45. Rxc7
{[%clk 0:17:57]} Rc8 {[%clk 0:07:39]} 46. Rc6 {[%clk 0:16:30]} Kh5
{[%clk 0:03:13]} 47. Bc1 {[%clk 0:14:11]} Rgf8 {[%clk 0:00:51]} 48. Bxf4
{[%clk 0:12:02]} Bxc6 {[%clk 0:00:39]} 49. dxc6 {[%clk 0:05:52]} Rxf4
{[%clk 0:00:50]} 50. Rc1 {[%clk 0:04:40]} d5 {[%clk 0:00:38]} 51. Bxd5
{[%clk 0:04:24]} Rxb4 {[%clk 0:01:03]} 52. c7 {[%clk 0:04:48]} Rxb5
{[%clk 0:01:03]} 53. Be6 {[%clk 0:05:14]} 1-0

[Event "Hastings Masters"]
[Site "Horntye, Hastings"]
[Date "2018.01.04"]
[Round "8.2"]
[White "Arkell, Keith C"]
[Black "Lou, Yiping"]
[Result "0-1"]
[BlackElo "2462"]
[WhiteElo "2416"]
[LiveChessVersion "1.4.8"]

1. d4 {[%clk 1:40:53]} Nf6 {[%clk 1:40:51]} 2. Nf3 {[%clk 1:41:17]} g6
{[%clk 1:41:05]} 3. c4 {[%clk 1:41:42]} Bg7 {[%clk 1:41:25]} 4. Nc3
{[%clk 1:42:07]} d5 {[%clk 1:41:51]} 5. cxd5 {[%clk 1:42:33]} Nxd5
{[%clk 1:42:17]} 6. g3 {[%clk 1:42:57]} Nxc3 {[%clk 1:41:46]} 7. bxc3
{[%clk 1:43:24]} c5 {[%clk 1:42:10]} 8. Bg2 {[%clk 1:43:50]} Nc6 {[%clk 1:42:33]}
9. e3 {[%clk 1:43:31]} O-O {[%clk 1:42:35]} 10. O-O {[%clk 1:43:56]} Qa5
{[%clk 1:41:28]} 11. Qb3 {[%clk 1:41:17]} Rb8 {[%clk 1:37:32]} 12. Nd2
{[%clk 1:37:58]} Bd7 {[%clk 1:35:13]} 13. Ne4 {[%clk 1:35:59]} b6
{[%clk 1:27:49]} 14. Bb2 {[%clk 1:23:30]} Be6 {[%clk 1:13:50]} 15. Qa3
{[%clk 1:15:11]} Qxa3 {[%clk 1:09:41]} 16. Bxa3 {[%clk 1:15:37]} Na5
{[%clk 1:09:29]} 17. Rfd1 {[%clk 1:07:05]} Nc4 {[%clk 1:01:24]} 18. Bc1
{[%clk 1:07:28]} Rfd8 {[%clk 1:00:30]} 19. h3 {[%clk 1:01:41]} Rbc8
{[%clk 0:55:21]} 20. Ng5 {[%clk 0:51:33]} Bf5 {[%clk 0:53:59]} 21. g4
{[%clk 0:50:25]} Bc2 {[%clk 0:51:19]} 22. Re1 {[%clk 0:50:41]} e5
{[%clk 0:43:19]} 23. Nf3 {[%clk 0:49:10]} Re8 {[%clk 0:31:35]} 24. Bf1
{[%clk 0:46:06]} cxd4 {[%clk 0:29:37]} 25. exd4 {[%clk 0:45:00]} e4
{[%clk 0:27:23]} 26. Nd2 {[%clk 0:44:17]} Na5 {[%clk 0:26:38]} 27. Bb2
{[%clk 0:41:49]} Bh6 {[%clk 0:24:31]} 28. Nb1 {[%clk 0:36:47]} Bd3
{[%clk 0:19:59]} 29. Bc1 {[%clk 0:30:40]} Bxc1 {[%clk 0:18:26]} 30. Rxc1
{[%clk 0:31:05]} Bxf1 {[%clk 0:17:45]} 31. Kxf1 {[%clk 0:31:29]} e3
{[%clk 0:17:40]} 32. Na3 {[%clk 0:31:45]} Rc6 {[%clk 0:14:04]} 33. f3
{[%clk 0:23:31]} Rec8 {[%clk 0:12:33]} 34. Nb5 {[%clk 0:22:56]} Rf6
{[%clk 0:12:45]} 35. Ke2 {[%clk 0:23:06]} a6 {[%clk 0:12:12]} 36. Na3
{[%clk 0:23:04]} Re6 {[%clk 0:06:34]} 37. Rc2 {[%clk 0:22:08]} b5
{[%clk 0:05:55]} 38. Rd1 {[%clk 0:20:37]} f5 {[%clk 0:05:43]} 39. gxf5
{[%clk 0:20:21]} gxf5 {[%clk 0:06:08]} 40. f4 {[%clk 0:16:04]} Kf7
{[%clk 0:04:43]} 41. Rg1 {[%clk 0:14:21]} Re4 {[%clk 0:45:33]} 42. Kf3
{[%clk 1:00:05]} Nc6 {[%clk 0:40:54]} 43. Rcc1 {[%clk 0:29:05]} Ne7
{[%clk 0:37:36]} 44. c4 {[%clk 0:29:17]} b4 {[%clk 0:35:59]} 45. Nc2
{[%clk 0:29:28]} Rxc4 {[%clk 0:35:34]} 46. Nxe3 {[%clk 0:29:31]} Rcxd4
{[%clk 0:35:43]} 47. Rc7 {[%clk 0:28:27]} Rd3 {[%clk 0:32:10]} 48. Re1
{[%clk 0:28:50]} Ke8 {[%clk 0:30:00]} 0-1

[Event "Hastings Masters"]
[Site "Horntye, Hastings"]
[Date "2018.01.04"]
[Round "8.3"]
[White "Derakhshani, Borna"]
[Black "Stany, G.A."]
[Result "0-1"]
[BlackElo "2502"]
[WhiteElo "2298"]
[LiveChessVersion "1.4.8"]

1. d4 {[%clk 1:40:52]} Nf6 {[%clk 1:40:55]} 2. Bf4 {[%clk 1:41:17]} g6
{[%clk 1:41:20]} 3. Nc3 {[%clk 1:40:39]} d5 {[%clk 1:41:44]} 4. Qd2
{[%clk 1:41:02]} Bg7 {[%clk 1:42:09]} 5. Bh6 {[%clk 1:41:22]} O-O
{[%clk 1:42:33]} 6. Bxg7 {[%clk 1:41:45]} Kxg7 {[%clk 1:42:57]} 7. O-O-O
{[%clk 1:41:23]} c5 {[%clk 1:42:36]} 8. dxc5 {[%clk 1:41:36]} Qa5
{[%clk 1:43:01]} 9. e3 {[%clk 1:37:53]} Qxc5 {[%clk 1:43:22]} 10. Qd4
{[%clk 1:37:08]} Qa5 {[%clk 1:27:43]} 11. Nxd5 {[%clk 1:13:24]} Rd8
{[%clk 1:27:58]} 12. Bc4 {[%clk 1:12:58]} Be6 {[%clk 1:28:09]} 13. e4
{[%clk 1:08:35]} Nc6 {[%clk 1:28:17]} 14. Qe3 {[%clk 1:08:45]} Nxd5
{[%clk 1:13:41]} 15. exd5 {[%clk 1:08:57]} Bxd5 {[%clk 1:14:07]} 16. Bxd5
{[%clk 1:09:15]} Rxd5 {[%clk 1:14:32]} 17. Qc3+ {[%clk 1:09:08]} Qxc3
{[%clk 1:14:36]} 18. bxc3 {[%clk 1:09:28]} Ra5 {[%clk 1:07:59]} 19. Kb1
{[%clk 1:08:29]} Ne5 {[%clk 1:03:54]} 20. Rd4 {[%clk 1:05:30]} Rc8
{[%clk 0:57:47]} 21. Ne2 {[%clk 1:05:43]} Nc4 {[%clk 0:57:19]} 22. Nc1
{[%clk 0:58:14]} Nb6 {[%clk 0:51:32]} 23. Re1 {[%clk 0:56:47]} e6
{[%clk 0:51:57]} 24. Rd3 {[%clk 0:55:53]} Rac5 {[%clk 0:50:58]} 25. Ne2
{[%clk 0:53:20]} Na4 {[%clk 0:48:29]} 26. Rd7 {[%clk 0:52:20]} Re5
{[%clk 0:48:37]} 0-1

[Event "Hastings Masters"]
[Site "Horntye, Hastings"]
[Date "2018.01.04"]
[Round "8.4"]
[White "Gormally, Daniel W"]
[Black "Hebden, Mark L"]
[Result "1-0"]
[BlackElo "2445"]
[WhiteElo "2477"]
[LiveChessVersion "1.4.8"]

1. d4 {[%clk 1:40:55]} Nf6 {[%clk 1:40:22]} 2. Nf3 {[%clk 1:41:02]} g6
{[%clk 1:38:50]} 3. c4 {[%clk 1:41:12]} Bg7 {[%clk 1:39:11]} 4. g3
{[%clk 1:41:35]} O-O {[%clk 1:39:04]} 5. Bg2 {[%clk 1:41:55]} d6 {[%clk 1:37:55]}
6. O-O {[%clk 1:41:44]} Nc6 {[%clk 1:38:17]} 7. Nc3 {[%clk 1:42:07]} Rb8
{[%clk 1:37:48]} 8. e4 {[%clk 1:39:28]} Bg4 {[%clk 1:37:26]} 9. Be3
{[%clk 1:38:43]} Re8 {[%clk 1:37:40]} 10. h3 {[%clk 1:33:48]} Bxf3
{[%clk 1:35:03]} 11. Bxf3 {[%clk 1:32:50]} e5 {[%clk 1:34:40]} 12. dxe5
{[%clk 1:28:26]} Nxe5 {[%clk 1:24:31]} 13. Bxa7 {[%clk 1:18:04]} Ra8
{[%clk 1:23:57]} 14. Bd4 {[%clk 1:18:19]} Nxc4 {[%clk 1:22:27]} 15. Qe2
{[%clk 1:15:41]} Ne5 {[%clk 1:12:36]} 16. Bg2 {[%clk 1:16:05]} Nc6
{[%clk 1:12:15]} 17. Be3 {[%clk 1:16:04]} Ra5 {[%clk 1:12:20]} 18. Rfd1
{[%clk 1:12:35]} Rae5 {[%clk 1:11:17]} 19. Qc2 {[%clk 1:08:12]} Qc8
{[%clk 1:03:55]} 20. g4 {[%clk 1:02:37]} g5 {[%clk 0:59:30]} 21. Qe2
{[%clk 0:53:10]} h5 {[%clk 0:51:35]} 22. gxh5 {[%clk 0:52:35]} g4
{[%clk 0:51:27]} 23. h6 {[%clk 0:50:20]} gxh3 {[%clk 0:51:08]} 24. Bf3
{[%clk 0:50:30]} Bh8 {[%clk 0:48:06]} 25. Kh1 {[%clk 0:49:59]} Ne7
{[%clk 0:47:31]} 26. Rg1+ {[%clk 0:47:00]} Ng6 {[%clk 0:47:34]} 27. Rg3
{[%clk 0:43:23]} Kh7 {[%clk 0:45:01]} 28. Qf1 {[%clk 0:38:53]} Nxe4
{[%clk 0:44:40]} 29. Nxe4 {[%clk 0:36:56]} Rxe4 {[%clk 0:45:03]} 30. Qd3
{[%clk 0:33:19]} Qf5 {[%clk 0:28:27]} 31. Bxe4 {[%clk 0:32:21]} Rxe4
{[%clk 0:28:56]} 32. f3 {[%clk 0:31:50]} Re5 {[%clk 0:29:23]} 33. Qxf5
{[%clk 0:32:04]} Rxf5 {[%clk 0:29:51]} 34. Rxh3 {[%clk 0:29:37]} b6
{[%clk 0:27:19]} 35. Rc1 {[%clk 0:24:44]} c5 {[%clk 0:27:15]} 36. b4
{[%clk 0:24:09]} cxb4 {[%clk 0:23:41]} 37. Rc6 {[%clk 0:19:45]} Rd5
{[%clk 0:18:04]} 38. Rxb6 {[%clk 0:16:51]} Rd1+ {[%clk 0:17:26]} 39. Kg2
{[%clk 0:16:37]} Ra1 {[%clk 0:14:55]} 40. Rxb4 {[%clk 0:09:52]} Rxa2+
{[%clk 0:15:16]} 41. Kf1 {[%clk 0:01:17]} Ra1+ {[%clk 0:13:10]} 42. Kf2
{[%clk 0:47:32]} Ra2+ {[%clk 1:03:12]} 43. Kg3 {[%clk 0:47:36]} Ne7
{[%clk 0:51:36]} 44. Rb8 {[%clk 0:42:14]} Bf6 {[%clk 0:30:09]} 45. Kg4
{[%clk 0:37:31]} Rg2+ {[%clk 0:27:45]} 46. Kh5 {[%clk 0:34:14]} Ng6
{[%clk 0:26:15]} 47. Rb7 {[%clk 0:32:14]} Nh8 {[%clk 0:25:43]} 48. Rd7
{[%clk 0:31:20]} Re2 {[%clk 0:22:54]} 49. f4 {[%clk 0:30:29]} d5 {[%clk 0:21:36]}
50. Rxd5 {[%clk 0:29:12]} Ng6 {[%clk 0:21:42]} 51. Rd7 {[%clk 0:28:57]} Be7
{[%clk 0:19:53]} 52. f5 1-0

[Event "Hastings Masters"]
[Site "Horntye, Hastings"]
[Date "2018.01.04"]
[Round "8.5"]
[White "Das, Arghyadip"]
[Black "Muir, Andrew J"]
[Result "1-0"]
[BlackElo "2297"]
[WhiteElo "2451"]
[LiveChessVersion "1.4.8"]

1. e4 {[%clk 1:40:00]} c5 {[%clk 1:40:47]} 2. Nf3 {[%clk 1:40:16]} Nc6
{[%clk 1:40:45]} 3. d4 {[%clk 1:40:27]} cxd4 {[%clk 1:41:09]} 4. Nxd4
{[%clk 1:40:54]} Nf6 {[%clk 1:41:30]} 5. Nc3 {[%clk 1:41:21]} d6 {[%clk 1:41:55]}
6. Bg5 {[%clk 1:40:58]} e6 {[%clk 1:41:59]} 7. Qd2 {[%clk 1:41:05]} Be7
{[%clk 1:42:10]} 8. O-O-O {[%clk 1:40:09]} O-O {[%clk 1:42:19]} 9. f4
{[%clk 1:35:17]} Nxd4 {[%clk 1:42:21]} 10. Qxd4 {[%clk 1:35:44]} Qa5
{[%clk 1:42:43]} 11. h4 {[%clk 1:31:04]} h6 {[%clk 1:39:09]} 12. Qe3
{[%clk 1:27:05]} Qc5 {[%clk 1:06:54]} 13. Qf3 {[%clk 1:17:37]} Bd7
{[%clk 1:01:33]} 14. Bd3 {[%clk 1:16:54]} Bc6 {[%clk 0:58:19]} 15. Qe2
{[%clk 1:07:09]} Rfd8 {[%clk 0:41:32]} 16. e5 {[%clk 0:41:32]} dxe5
{[%clk 0:33:25]} 17. fxe5 {[%clk 0:41:46]} Nd5 {[%clk 0:32:12]} 18. Bxe7
{[%clk 0:29:23]} Qxe7 {[%clk 0:26:52]} 19. Nxd5 {[%clk 0:28:01]} Rxd5
{[%clk 0:19:53]} 20. Qe4 {[%clk 0:18:11]} g6 {[%clk 0:20:06]} 21. Qf4
{[%clk 0:17:58]} h5 {[%clk 0:11:09]} 22. Rhf1 {[%clk 0:14:36]} Rad8
{[%clk 0:10:22]} 23. g3 {[%clk 0:14:58]} Kg7 {[%clk 0:07:06]} 24. a3
{[%clk 0:11:57]} b6 {[%clk 0:06:53]} 25. Be2 {[%clk 0:05:36]} Rxd1+
{[%clk 0:05:53]} 26. Bxd1 {[%clk 0:05:49]} Rd7 {[%clk 0:04:53]} 27. Be2
{[%clk 0:05:33]} Qc5 {[%clk 0:04:07]} 28. g4 {[%clk 0:03:54]} hxg4
{[%clk 0:03:17]} 29. Bxg4 {[%clk 0:03:33]} Qe7 {[%clk 0:02:37]} 30. Be2
{[%clk 0:03:44]} Rd8 {[%clk 0:02:24]} 31. Rg1 {[%clk 0:03:15]} Rh8
{[%clk 0:01:26]} 32. h5 {[%clk 0:03:33]} Rh6 {[%clk 0:01:44]} 33. Kb1
{[%clk 0:03:08]} Be8 {[%clk 0:01:31]} 34. b4 {[%clk 0:02:48]} a5 {[%clk 0:01:41]}
35. Qd4 {[%clk 0:01:49]} axb4 {[%clk 0:02:01]} 36. axb4 {[%clk 0:02:16]} Qc7
{[%clk 0:02:16]} 37. Kb2 {[%clk 0:02:13]} Bc6 {[%clk 0:02:09]} 38. Rg3
{[%clk 0:01:13]} Rh8 {[%clk 0:02:28]} 39. hxg6 {[%clk 0:01:18]} fxg6
{[%clk 0:02:49]} 40. Rc3 {[%clk 0:00:36]} Qd7 {[%clk 0:03:14]} 41. Qxd7+
{[%clk 0:00:42]} Bxd7 {[%clk 0:03:40]} 42. Rc7 {[%clk 0:01:09]} Rd8
{[%clk 0:04:07]} 43. Bb5 {[%clk 0:01:36]} 1-0

[Event "Hastings Masters"]
[Site "Horntye, Hastings"]
[Date "2018.01.04"]
[Round "8.6"]
[White "Taylor, Adam C"]
[Black "Fier, Alexandr"]
[Result "1/2-1/2"]
[BlackElo "2576"]
[WhiteElo "2242"]
[LiveChessVersion "1.4.8"]

1. Nf3 {[%clk 1:40:56]} Nf6 {[%clk 1:40:57]} 2. g3 {[%clk 1:41:22]} g6
{[%clk 1:41:24]} 3. Bg2 {[%clk 1:41:49]} Bg7 {[%clk 1:41:49]} 4. O-O
{[%clk 1:42:15]} O-O {[%clk 1:42:14]} 5. c4 {[%clk 1:42:43]} d6 {[%clk 1:42:39]}
6. d4 {[%clk 1:43:09]} Nbd7 {[%clk 1:43:06]} 7. b3 {[%clk 1:42:28]} e5
{[%clk 1:43:11]} 8. Bb2 {[%clk 1:42:36]} e4 {[%clk 1:41:06]} 9. Ne1
{[%clk 1:40:07]} Re8 {[%clk 1:39:43]} 10. Nc3 {[%clk 1:40:05]} Nf8
{[%clk 1:39:27]} 11. Nc2 {[%clk 1:35:38]} h5 {[%clk 1:39:51]} 12. f3
{[%clk 1:30:23]} e3 {[%clk 1:39:02]} 13. Ne4 {[%clk 1:27:34]} Nxe4
{[%clk 1:38:48]} 14. fxe4 {[%clk 1:27:58]} c5 {[%clk 1:39:12]} 15. e5
{[%clk 1:22:28]} cxd4 {[%clk 1:38:34]} 16. Bxd4 {[%clk 1:18:16]} Ne6
{[%clk 1:38:19]} 17. exd6 {[%clk 1:14:52]} Nxd4 {[%clk 1:38:05]} 18. Nxd4
{[%clk 1:15:16]} Qxd6 {[%clk 1:37:56]} 19. Nb5 {[%clk 1:15:40]} Qe7
{[%clk 1:37:35]} 20. Bd5 {[%clk 1:11:08]} Rf8 {[%clk 1:36:11]} 21. Rc1
{[%clk 1:07:08]} a6 {[%clk 1:35:40]} 22. Nd6 {[%clk 1:05:37]} Be6
{[%clk 1:35:44]} 23. Bxe6 {[%clk 1:05:28]} fxe6 {[%clk 1:29:33]} 24. Qd3
{[%clk 1:04:45]} 1/2-1/2

[Event "Hastings Masters"]
[Site "Horntye, Hastings"]
[Date "2018.01.04"]
[Round "8.7"]
[White "Bates, Richard A"]
[Black "Maisuradze, Nino"]
[Result "1/2-1/2"]
[BlackElo "2256"]
[WhiteElo "2378"]
[LiveChessVersion "1.4.8"]

1. d4 {[%clk 1:40:56]} d5 {[%clk 1:40:17]} 2. c4 {[%clk 1:41:11]} e6
{[%clk 1:40:41]} 3. Nf3 {[%clk 1:41:10]} Nf6 {[%clk 1:40:00]} 4. g3
{[%clk 1:39:20]} dxc4 {[%clk 1:38:35]} 5. Bg2 {[%clk 1:39:42]} Bb4+
{[%clk 1:33:02]} 6. Bd2 {[%clk 1:39:01]} a5 {[%clk 1:33:13]} 7. O-O
{[%clk 1:37:16]} O-O {[%clk 1:32:54]} 8. e3 {[%clk 1:24:15]} b5 {[%clk 1:20:32]}
9. a4 {[%clk 1:23:56]} Bb7 {[%clk 1:02:19]} 10. axb5 {[%clk 1:21:57]} Nbd7
{[%clk 1:02:12]} 11. Na3 {[%clk 0:55:36]} Bd5 {[%clk 0:57:05]} 12. Qe2
{[%clk 0:46:59]} Qb8 {[%clk 0:46:34]} 13. Bxb4 {[%clk 0:41:24]} axb4
{[%clk 0:46:55]} 14. Nxc4 {[%clk 0:41:50]} Qxb5 {[%clk 0:46:47]} 15. b3
{[%clk 0:40:03]} Ne4 {[%clk 0:33:56]} 16. Rfc1 {[%clk 0:34:01]} Nc3
{[%clk 0:30:56]} 17. Qd3 {[%clk 0:23:57]} Be4 {[%clk 0:22:26]} 18. Qf1
{[%clk 0:23:22]} Qb7 {[%clk 0:12:22]} 19. Ncd2 {[%clk 0:22:07]} Bd5
{[%clk 0:09:59]} 20. Qd3 {[%clk 0:18:04]} f5 {[%clk 0:07:28]} 21. Ne1
{[%clk 0:15:48]} c5 {[%clk 0:03:40]} 22. Bxd5 {[%clk 0:12:50]} Qxd5
{[%clk 0:04:07]} 23. dxc5 {[%clk 0:13:11]} Nxc5 {[%clk 0:00:56]} 24. Qxd5
{[%clk 0:13:04]} exd5 {[%clk 0:01:26]} 25. Kg2 {[%clk 0:12:44]} g5
{[%clk 0:01:15]} 26. Nc2 {[%clk 0:11:00]} Nd3 {[%clk 0:01:31]} 27. Rxa8
{[%clk 0:09:55]} Rxa8 {[%clk 0:01:55]} 28. Ra1 {[%clk 0:10:18]} Rxa1
{[%clk 0:02:09]} 29. Nxa1 {[%clk 0:10:43]} Ne4 {[%clk 0:01:58]} 30. Nxe4
{[%clk 0:09:54]} dxe4 {[%clk 0:02:27]} 31. Nc2 {[%clk 0:08:32]} Kf7
{[%clk 0:02:46]} 32. h3 {[%clk 0:07:46]} h5 {[%clk 0:03:06]} 33. h4
{[%clk 0:05:56]} g4 {[%clk 0:00:45]} 34. Nd4 {[%clk 0:04:16]} 1/2-1/2

[Event "Hastings Masters"]
[Site "Horntye, Hastings"]
[Date "2018.01.04"]
[Round "8.8"]
[White "Radovanovic, Jovica"]
[Black "Byron, Alan M"]
[Result "1-0"]
[BlackElo "2099"]
[WhiteElo "2320"]
[LiveChessVersion "1.4.8"]

1. d4 {[%clk 1:40:59]} Nf6 {[%clk 1:40:52]} 2. c4 {[%clk 1:41:18]} g6
{[%clk 1:41:08]} 3. Nc3 {[%clk 1:41:42]} Bg7 {[%clk 1:41:31]} 4. e4
{[%clk 1:42:05]} d6 {[%clk 1:41:42]} 5. Nf3 {[%clk 1:42:29]} O-O {[%clk 1:42:04]}
6. Be2 {[%clk 1:42:53]} Na6 {[%clk 1:42:06]} 7. O-O {[%clk 1:41:56]} e5
{[%clk 1:42:25]} 8. Be3 {[%clk 1:41:28]} Ng4 {[%clk 1:42:12]} 9. Bg5
{[%clk 1:41:50]} f6 {[%clk 1:42:28]} 10. Bc1 {[%clk 1:38:13]} Nh6
{[%clk 1:38:08]} 11. Rb1 {[%clk 1:21:29]} c6 {[%clk 1:30:40]} 12. Qc2
{[%clk 1:11:05]} Nf7 {[%clk 1:27:25]} 13. Rd1 {[%clk 1:11:07]} Qe7
{[%clk 1:26:44]} 14. Be3 {[%clk 1:05:26]} Re8 {[%clk 1:12:57]} 15. b4
{[%clk 1:00:06]} exd4 {[%clk 1:02:53]} 16. Nxd4 {[%clk 0:51:12]} Bd7
{[%clk 0:59:15]} 17. a3 {[%clk 0:49:26]} Bh6 {[%clk 0:50:16]} 18. Bxh6
{[%clk 0:48:46]} Nxh6 {[%clk 0:50:43]} 19. Rbc1 {[%clk 0:46:01]} Nf7
{[%clk 0:47:33]} 20. Bf1 {[%clk 0:42:23]} Kg7 {[%clk 0:40:17]} 21. Re1
{[%clk 0:41:15]} Qf8 {[%clk 0:37:26]} 22. Re3 {[%clk 0:39:23]} Nh6
{[%clk 0:29:28]} 23. Qd2 {[%clk 0:35:55]} Rad8 {[%clk 0:25:56]} 24. h3
{[%clk 0:35:40]} Nc7 {[%clk 0:21:34]} 25. Qb2 {[%clk 0:33:42]} Ne6
{[%clk 0:20:50]} 26. Nb3 {[%clk 0:33:18]} Kg8 {[%clk 0:20:08]} 27. Nb1
{[%clk 0:21:32]} f5 {[%clk 0:17:35]} 28. exf5 {[%clk 0:17:33]} Nxf5
{[%clk 0:17:59]} 29. Ree1 {[%clk 0:17:52]} Qh6 {[%clk 0:13:06]} 30. N1d2
{[%clk 0:12:31]} Ng5 {[%clk 0:10:01]} 31. Qc3 {[%clk 0:10:15]} Rf8
{[%clk 0:07:35]} 32. Ne4 {[%clk 0:07:38]} Nxe4 {[%clk 0:07:04]} 33. Rxe4
{[%clk 0:07:59]} Rf7 {[%clk 0:07:16]} 34. Qd2 {[%clk 0:06:00]} Qf8
{[%clk 0:05:52]} 35. Nd4 {[%clk 0:05:04]} Ng7 {[%clk 0:04:27]} 36. Rce1
{[%clk 0:04:49]} Nh5 {[%clk 0:03:45]} 37. g3 {[%clk 0:03:05]} Ng7
{[%clk 0:02:24]} 38. h4 {[%clk 0:02:02]} Re8 {[%clk 0:02:13]} 39. Rxe8
{[%clk 0:01:44]} Nxe8 {[%clk 0:01:15]} 40. Ne6 {[%clk 0:00:47]} Bxe6
{[%clk 0:01:36]} 41. Rxe6 {[%clk 0:01:11]} Re7 42. Bh3 {[%clk 0:46:08]} Rxe6
{[%clk 0:38:10]} 43. Bxe6+ {[%clk 0:46:26]} Kg7 {[%clk 0:38:33]} 44. Bc8
{[%clk 0:39:44]} b6 {[%clk 0:34:22]} 45. Bd7 {[%clk 0:38:39]} c5 {[%clk 0:34:40]}
46. b5 {[%clk 0:25:22]} Qe7 {[%clk 0:26:19]} 47. Bc6 {[%clk 0:19:50]} Nf6
{[%clk 0:24:28]} 48. Bf3 {[%clk 0:18:22]} Qe5 {[%clk 0:23:56]} 49. Kg2
{[%clk 0:18:10]} h6 {[%clk 0:09:07]} 50. Qc2 {[%clk 0:17:28]} Qe7
{[%clk 0:07:11]} 51. a4 {[%clk 0:16:47]} Qe5 {[%clk 0:05:15]} 52. Qd3
{[%clk 0:14:16]} Ng8 {[%clk 0:04:12]} 53. Qd2 {[%clk 0:10:02]} Ne7
{[%clk 0:04:27]} 54. a5 {[%clk 0:08:40]} Nf5 {[%clk 0:04:32]} 55. axb6
{[%clk 0:08:26]} axb6 {[%clk 0:05:00]} 56. Qa2 {[%clk 0:08:38]} Qe7
{[%clk 0:02:13]} 57. Qa8 {[%clk 0:07:19]} Nd4 {[%clk 0:01:02]} 58. Bd5
{[%clk 0:07:00]} Nc2 {[%clk 0:01:07]} 59. Qg8+ {[%clk 0:04:54]} Kf6
{[%clk 0:01:36]} 60. Qh8+ {[%clk 0:04:15]} Qg7 {[%clk 0:01:51]} 61. Qd8+
{[%clk 0:03:16]} Qe7 {[%clk 0:02:20]} 62. Qxb6 {[%clk 0:03:08]} Ne1+
{[%clk 0:02:45]} 63. Kf1 {[%clk 0:02:19]} Nd3 {[%clk 0:01:58]} 64. Qa5
{[%clk 0:02:43]} Qe5 {[%clk 0:01:34]} 65. Qd2 {[%clk 0:02:43]} Nb4
{[%clk 0:00:42]} 66. Qxh6 {[%clk 0:01:19]} Nxd5 {[%clk 0:00:56]} 67. Qh8+
{[%clk 0:01:01]} Kf5 {[%clk 0:00:53]} 68. g4+ {[%clk 0:00:59]} Ke4
{[%clk 0:01:00]} 69. Qxe5+ {[%clk 0:01:20]} Kxe5 {[%clk 0:00:37]} 70. cxd5
{[%clk 0:01:40]} c4 {[%clk 0:00:41]} 71. Ke2 {[%clk 0:01:41]} 1-0